• 首页
  • 本馆介绍
  • 公告通知
  • 最新文献
  • 馆藏检索
  • 电子资源
  • 读者导购
  • 参考咨询
  • 我的图书馆
  • 登录
  • 详细信息显示
  • 放入我的书架
  • 预约/预借图书
  • 作者相关作品
  • 分类相关作品
  • 丛书相关作品
  • 出版社相关作品

书目信息

  • 表格格式
  • 工作单格式
  • 卡片格式
题名:
会议规则
    
 
作者: 吴大英 著
分册:  
出版信息: 北京   人民出版社  1984
页数: 97页
开本: 19cm
丛书名: 政治学知识丛书
单 册:
中图分类: C27
科图分类:
主题词: 社会科学--学术会议
电子资源:
ISBN:
000 00661nam0 2200253 45
001 0184010312
005 20050614165014.3
010    @dCNY0.33
091    @a3001.2002
100    @a19950701d1984 em y0chiy0121 ea
101 0  @achi
102    @aCN@b110000
105    @ay z 000yy
200 10 @a会议规则@Ahui yi gui ze@f吴大英等著@FWu Da Ying Deng Zhu
210    @a北京@c人民出版社@d1984
215    @a97页@d19cm
225    @a政治学知识丛书
410    @12001 @a政治学知识丛书
606 0  @a社会科学@x学术会议
690    @aC27@v3
701  0 @a吴大英@4著
801  0 @aCN@b上海图书馆@c20040505
801  2 @aCN@bNLC@c20040505
905    @dC27@e25@f1@b126804
    
    会议规则/吴大英等著.-北京:人民出版社,1984
    97页;19cm.-(政治学知识丛书)
    
    
    ISBN :CNY0.33
    
●
相关链接 在E读中查询图书 在五车中查询图书 在当当中查询图书 在豆瓣中查询图书


正题名:会议规则     索取号:C27/25         预约/预借

序号 登录号 条形码 馆藏地/架位号 状态 备注
1 0126802   001120753   密集书库/ [索取号:C27/25] 在馆    
2 0126803   001120762   密集书库/ [索取号:C27/25] 在馆    
3 0126804   001120771   第一样本阅览室/ [索取号:C27/25] 在馆    
唐山师范学院图书馆 欢迎您!
大连网信软件有限公司© 版权所有